000 00313nam a22001337a 4500
008 170912b xxu||||| |||| 00| 0 eng d
020 _a9780312642358
041 _aeng
080 _a53
100 _a43
101 _aFIZ
245 _aTHE PIONERING ODYSSEYOF FREEMAN DYSON
_cSCHEWE.P.F
942 _2udc
_cBK
999 _c27365
_d27365